书目信息 |
| 题名: |
既有办公建筑绿色改造案例
|
|
| 作者: | 李朝旭 , 王清勤 , 赵海 主编 | |
| 分册: | ||
| 出版信息: | 北京 中国建筑工业出版社 2015.09 |
|
| 页数: | 442页 | |
| 开本: | 29cm | |
| 丛书名: | 既有建筑绿色改造系列丛书 | |
| 单 册: | ||
| 中图分类: | TU243 | |
| 科图分类: | ||
| 主题词: | 办公室--建筑设计 | |
| 电子资源: | ||
| ISBN: | 978-7-112-18204-6 | |
| 000 | 00834nam 2200253 450 | |
| 001 | 011886046 | |
| 005 | 20210407154526.62 | |
| 010 | @a978-7-112-18204-6@dCNY88.00 | |
| 100 | @a20151221d2015 km y0chiy0120 ea | |
| 101 | 0 | @achi |
| 102 | @aCN@b110000 | |
| 105 | @aa z 000yy | |
| 200 | 1 | @a既有办公建筑绿色改造案例@Aji you ban gong jian zhu lu se gai zao an li@f李朝旭, 王清勤, 赵海主编@Fli chao xu,wang qing qin,zhao hai zhu bian |
| 210 | @a北京@c中国建筑工业出版社@d2015.09 | |
| 215 | @a442页@c图@d29cm | |
| 225 | 2 | @a既有建筑绿色改造系列丛书 |
| 410 | 0 | @12001 @a既有建筑绿色改造系列丛书 |
| 606 | 0 | @a办公室@x建筑设计 |
| 690 | @aTU243@v4 | |
| 701 | 0 | @a李朝旭@Ali chao xu@4主编 |
| 701 | 0 | @a王清勤@Awang qing qin@4主编 |
| 701 | 0 | @a赵海@Azhao hai@4主编 |
| 801 | 0 | @aCN@bZZRC@c20151221 |
| 905 | @a241430@dTU243@eL137@f3 | |
| 既有办公建筑绿色改造案例/李朝旭, 王清勤, 赵海主编.-北京:中国建筑工业出版社,2015.09 |
| 442页:图;29cm.-(既有建筑绿色改造系列丛书) |
| ISBN 978-7-112-18204-6:CNY88.00 |
| ● |
| 相关链接 |
|
|
|
正题名:既有办公建筑绿色改造案例
索取号:TU243/L137
 
预约/预借
| 序号 | 登录号 | 条形码 | 馆藏地/架位号 | 状态 | 备注 |
| 1 | 1231029 | 212310293 | 建筑库101/101建筑库 68排2列1层/ [索取号:TU243/L137] | 在馆 | |
| 2 | 1231030 | 212310300 | 建筑库101/101建筑库 68排2列1层/ [索取号:TU243/L137] | 在馆 | |
| 3 | 1231031 | 212310319 | 建筑库101/101建筑库 68排2列1层/ [索取号:TU243/L137] | 在馆 | |
| 4 | 1506668 | 215066684 | 能源与建筑环境工程学院资料室/ [索取号:TU243/L137] | 在馆 |